Statistics for Doctor Who Writers

Click here to take the quiz!

General Stats

  • This quiz has been taken 83 times
    (6 since last reset)
  • The average score is 20 of 36

Answer Stats

Writer % Correct
Chris Chibnall
100%
Russell T. Davies
100%
Rona Munro
100%
Jamie Mathieson
100%
Gareth Roberts
100%
Ed Hime
100%
Steven Moffat
100%
Mark Gatiss
100%
Vinay Patel
67%
Paul Cornell
67%
Neil Gaiman
67%
Robert Shearman
67%
Frank Cottrell-Boyce
67%
Peter Harness
67%
Phil Ford
67%
Pete McTighe
67%
Helen Raynor
67%
Toby Whithouse
67%
Charlene James
33%
Nina M├ętivier
33%
Sarah Dollard
33%
Joy Wilkinson
33%
Malorie Blackman
33%
Maxine Alderton
33%
Richard Curtis
33%
Catherine Tregenna
33%
Matt Jones
33%
Stephen Greenhorn
33%
Simon Nye
33%
Stephen Thompson
33%
Tom MacRae
33%
Neil Cross
33%
Matthew Graham
33%
Keith Temple
0%
Mike Bartlett
0%
James Moran
0%

Score Distribution

Percentile by Number Answered

Percent of People with Each Score

Your Score History

You have not taken this quiz since the last reset